00629nam a2200193Ia 4500001002400000003000900024008004100033040002300074041001300097100001500110240004400125245003700169250001500206260002400221300001900245501012400264700001700388700003000405938.3-RAC g. di (19507)IT-MiSPE171229s9999||||xx |||||||||||||| ||und|| aIT-MiSPEcIT-MiSPE aITALIANO aG. Rachet  aDictionnaire de la civilisation grecque 0aDizionario della civiltà greca a1a ed. (v) aRomabGremesec1990 a236 p. c20 cm aEdizioni San Paolo srl - Piazza Soncino, 5 - 20092 CINISELLO BALSAMO (MI) (non commercial uses only) ® Copyright 2018 aM. F. Rachet aSofia Meding(traduzione)